00923nam a2200265 i 450000100060000000300090000600500170001500700030003200800410003502000180007608000190009408000220011308000230013510000380015824500870019626000340028330000210031750400340033865000420037265000440041465000380045885200220049699900170051895201220053553957ES-MaACL20250718042046.0t|031119s2002 sp |||| | spa d a84-8155-947-4 a37(460)"18/19" a37:32(460)"18/19" a37.014(460)"18/19"1 aCapitán Díaz, Alfonso.93485010aRepublicanismo y educación en España (1873-1951) / cAlfonso Capitán Díaz. aMadrid : bDykinson, c[2002] a382 p ; c24 cm. aBibliografía: p. [375]-382.14aEnseñanza-zEspaña-yS.XIX912286 7aEnseñanza-zEspaña-yS.XX29139558 4aRepublicanismo-zEspaña.916856 aES-MaACLjL-26722 c53957d53957 00104070aATENEOMbATENEOMcDEPO2d2008-01-17eSCl0oL-26722p1056708r2023-02-23 00:00:00w2023-02-23yMONOGRAFIA